000 00201nam a2200109Ia 4500
100 _aSAARAH/LLOYD
942 _cBK
245 _aINDIAN ATTACHMENT
260 _b#N/A
546 _aENGLISH
999 _c33223
_d33223